| 000 | 02105nam1a2200325 i 4500 | ||
|---|---|---|---|
| 001 | RU\NLR\bibl\1979954 | ||
| 005 | 20260405204916.0 | ||
| 035 | _a(NLR Aleph) 001968658 | ||
| 090 |
_a3924853 _c3924853 |
||
| 100 | _a20121217g20129999u y0rusy50 ca | ||
| 101 | 0 | _arus | |
| 102 | _aRU | ||
| 105 | _a||||j ||||| | ||
| 200 | 1 |
_aИнженерные системы водоснабжения и водоотведения _eучебник _eдля студентов высших сельскохозяйственных учебных заведений, обучающихся по направлению 280300 "Водные ресурсы и водопользование" и по специальности "Инженерные системы сельскохозяйственного водоснабжения, обводнения и водоотведения" _fЛ.С. Алексеев, Е.В. Гладкова, Г.А. Ивлева, К.Р. Пономарчук _gМ-во сел. хоз-ва Рос. Федерации, Федер. гос. бюджет. образоват. учреждение высш. проф. образования "Рос. гос. аграр. заоч. ун-т" |
|
| 210 |
_aМосква _cИзд-во ФГБОУ ВПО РГАЗУ _d2012 |
||
| 215 | _d21 | ||
| 463 | 0 | _10011894416 | |
| 606 |
_aВодопроводные сети _jУчебники для высших учебных заведений _92319348 _3RU\NLR\auth\661387629 |
||
| 606 |
_aКанализационные сети _jУчебники для высших учебных заведений _92319351 _3RU\NLR\auth\661387630 |
||
| 686 | _aН761.106я73-1 | ||
| 686 | _aН761.201я73-1 | ||
| 701 | 1 |
_4070 _8rus _7ca _aАлексеев _bЛ. С. _cд-р техн. наук _gЛеонид Сергеевич _3RU\NLR\auth\7792196 _975123 |
|
| 701 | 1 |
_aГладкова _bЕ. В. _4070 |
|
| 701 | 1 |
_aИвлева _bГ. А. _4070 |
|
| 701 | 1 |
_aПономарчук _bК. Р. _4070 |
|
| 801 | 0 |
_aRU _bNLR _c20121217 _gRCR |
|
| 801 | 1 |
_aRU _bNLR _c20121217 |
|
| 852 |
_aNLR _j2012-3/12372 |
||
| 942 | _cBOOK | ||